[Event "London Classic Superrapid"]
[Site "London ENG"]
[Date "2016.12.18"]
[Round "7.3"]
[White "Howell, David W L"]
[Black "Blomqvist, Erik"]
[Result "1/2-1/2"]
[WhiteTitle "GM"]
[BlackTitle "GM"]
[WhiteElo "2644"]
[BlackElo "2567"]
[WhiteFideId "410608"]
[BlackFideId "1709437"]
[EventDate "2016.12.17"]

1. c4 Nf6 2. Nc3 c5 3. g3 e6 4. Nf3 b6 5. Bg2 Bb7 6. O-O Be7 7. b3 O-O 8. Bb2 d5
9. e3 Qc8 10. Qe2 Rd8 11. Rfd1 d4 12. exd4 cxd4 13. Nb5 d3 14. Qe5 Nc6 15. Qc7
Qxc7 16. Nxc7 Rac8 17. Nb5 Bc5 18. Rac1 a6 19. Nc3 Ng4 20. Ne4 Nb4 21. Nxc5 bxc5
22. a3 Nc2 23. h3 Nf6 24. Ne5 Bxg2 25. Kxg2 Rd6 26. Nxd3 Rxd3 27. Rxc2 Rxb3 28.
d4 h5 29. d5 Rd8 30. a4 Ne4 31. Bc1 Rb1 32. Rd3 Ra1 33. Ba3 Nf6 34. Bxc5 exd5
35. a5 Rc8 36. cxd5 Rxa5 37. Bb4 Rxc2 38. Bxa5 Rc5 39. Ra3 Nxd5 40. Bd2 Rc6 41.
Ra5 Nf6 42. Bg5 Nd7 43. Be3 g6 44. g4 hxg4 45. hxg4 Kf8 46. Kf3 Ke7 47. Kf4 Ke6
48. Bd4 f6 49. Ke4 Nb8 50. f4 Rc4 51. f5+ gxf5+ 52. gxf5+ Kd6 53. Rd5+ Kc6 54.
Rd8 Kc7 55. Kd3 Kxd8 56. Bxf6+ Ke8 57. Kxc4 Kf7 1/2-1/2

[Event "London Classic Superrapid"]
[Site "London ENG"]
[Date "2016.12.18"]
[Round "7.4"]
[White "Gunina, Valentina"]
[Black "Iturrizaga Bonelli, Eduardo"]
[Result "1-0"]
[WhiteTitle "GM"]
[BlackTitle "GM"]
[WhiteElo "2525"]
[BlackElo "2652"]
[WhiteFideId "4167570"]
[BlackFideId "3901211"]
[EventDate "2016.12.17"]

1. d4 Nf6 2. c4 b6 3. Nc3 Bb7 4. Qc2 d5 5. cxd5 Nxd5 6. e4 Nxc3 7. bxc3 e5 8.
dxe5 Nd7 9. Nf3 Qe7 10. Bb5 O-O-O 11. O-O Nxe5 12. Nd4 g6 13. a4 c5 14. a5 Qc7
15. axb6 axb6 16. Ne2 Ng4 17. Bf4 Bd6 18. g3 Kb8 19. Ra4 Ne5 20. Rfa1 Nc6 21.
Bxd6 Qxd6 22. Qa2 Qe6 23. Qb1 Na5 24. Nf4 Qb3 25. Qf1 Qxc3 26. Ba6 Bc6 27. Nd5
Rxd5 28. R4a3 Qd2 29. exd5 Qxd5 30. f3 Nb3 31. R1a2 Nd2 32. Qe2 Qd4+ 33. Kg2
Nxf3 34. Rxf3 Re8 35. Qf2 Re3 36. Be2 g5 37. Kf1 Bxf3 38. Bxf3 f5 39. Kg2 f4 40.
Ra8+ Kc7 41. Qa2 Re7 42. Qa7+ Kd6 43. Rd8+ Ke6 44. Qxb6+ 1-0

[Event "London Classic Superrapid"]
[Site "London ENG"]
[Date "2016.12.18"]
[Round "7.6"]
[White "Wells, Peter K"]
[Black "Fressinet, Laurent"]
[Result "0-1"]
[WhiteTitle "GM"]
[BlackTitle "GM"]
[WhiteElo "2431"]
[BlackElo "2672"]
[WhiteFideId "400327"]
[BlackFideId "608742"]
[EventDate "2016.12.17"]

1. d4 Nf6 2. c4 e6 3. Nf3 d5 4. g3 Bb4+ 5. Bd2 Be7 6. Bg2 O-O 7. O-O Nbd7 8. Qc2
Ne4 9. Nc3 Nxd2 10. Nxd2 c6 11. e4 dxc4 12. Nxc4 Nb6 13. Ne2 Nxc4 14. Qxc4 Qb6
15. Rab1 a5 16. a3 Rd8 17. Rfd1 a4 18. e5 Bd7 19. Be4 g6 20. h4 Be8 21. Nf4 Rd7
22. Rd2 Rad8 23. Rbd1 Qa5 24. Qc2 Bf8 25. Ne2 Bg7 26. f4 c5 27. d5 exd5 28. Rxd5
Rxd5 29. Bxd5 Rxd5 30. Rxd5 Qe1+ 31. Kg2 Bc6 32. Nc3 f6 33. Kh2 Bxd5 34. Nxd5
fxe5 35. Qc4 Kh8 36. Qxc5 h5 37. Ne7 Qe2+ 38. Kh1 Qe4+ 39. Kh2 exf4 40. Qc8+ Kh7
41. Qg8+ Kh6 42. Qf7 Qe2+ 0-1

[Event "London Classic Superrapid"]
[Site "London ENG"]
[Date "2016.12.18"]
[Round "7.7"]
[White "Jones, Gawain C B"]
[Black "Fernandez, Daniel Howard"]
[Result "1/2-1/2"]
[WhiteTitle "GM"]
[BlackTitle "IM"]
[WhiteElo "2667"]
[BlackElo "2468"]
[WhiteFideId "409561"]
[BlackFideId "5801605"]
[EventDate "2016.12.17"]

1. e4 c5 2. Nf3 d6 3. Bb5+ Bd7 4. Bxd7+ Nxd7 5. O-O g6 6. c3 Ngf6 7. Re1 Ne5 8.
d4 cxd4 9. cxd4 Nxf3+ 10. Qxf3 Bg7 11. e5 dxe5 12. dxe5 Nd5 13. Rd1 e6 14. Nc3
O-O 15. Nxd5 exd5 16. Rxd5 Qb6 17. h4 Rad8 18. Bg5 Rxd5 19. Qxd5 Qxb2 20. Re1
Qc3 21. Re4 Qc6 22. Qxc6 bxc6 23. Be3 Re8 24. a4 a6 25. Bf4 f6 26. e6 f5 27. Re2
c5 28. Kf1 Bf6 29. g3 Kg7 30. Ke1 h6 31. Bc7 g5 32. hxg5 hxg5 33. Kd2 c4 34. Ba5
g4 35. Kc2 Kg6 36. Bb4 Bd4 37. a5 Kf6 38. Rd2 Be5 39. e7 Kf7 40. Rd5 Ke6 41. Rd8
Kf7 42. Rd5 Ke6 43. Rc5 Bd4 44. Rc6+ Kf7 45. Rxc4 Bxf2 46. Rf4 Bxg3 47. Rxf5+
Ke6 48. Rg5 Bh4 49. Rg6+ Kf5 50. Rg7 Ke6 51. Rxg4 Bxe7 52. Kb3 Rb8 53. Re4+ Kf6
54. Rxe7 Rxb4+ 55. Kxb4 Kxe7 56. Kc5 Kd7 57. Kb6 Kc8 58. Kxa6 1/2-1/2

[Event "London Classic Superrapid"]
[Site "London ENG"]
[Date "2016.12.18"]
[Round "7.8"]
[White "Rendle, Thomas E"]
[Black "Gupta, Abhijeet"]
[Result "1/2-1/2"]
[WhiteTitle "IM"]
[BlackTitle "GM"]
[WhiteElo "2365"]
[BlackElo "2634"]
[WhiteFideId "408760"]
[BlackFideId "5010608"]
[EventDate "2016.12.17"]

1. e4 c5 2. Nc3 d6 3. f4 Nc6 4. Nf3 g6 5. Bb5 Bd7 6. Bc4 Bg7 7. O-O Na5 8. d3
Nxc4 9. dxc4 Bc6 10. Qe2 Bxc3 11. bxc3 Nf6 12. Ng5 h6 13. e5 hxg5 14. exf6 gxf4
15. fxe7 Qxe7 16. Qxe7+ Kxe7 17. Bxf4 f5 18. Rad1 Kf7 19. Bxd6 b6 20. Bf4 Rhe8
21. Rd6 Rac8 22. Bg5 Re4 23. Rf4 Re6 24. Rxe6 Kxe6 25. Rh4 Rc7 26. Rh6 Be8 27.
Rh8 Ba4 28. Rf8 Rg7 29. Kf2 Bxc2 30. Ke3 Kd7 31. h4 Kc7 32. Kf4 Bd3 33. Bf6 Rh7
34. Kg5 f4 35. Be5+ Kb7 36. Rxf4 Re7 37. Kf6 Re8 38. g4 Rf8+ 39. Kg5 Re8 40. Kf6
Rf8+ 41. Kg5 Re8 1/2-1/2

[Event "London Classic Superrapid"]
[Site "London ENG"]
[Date "2016.12.18"]
[Round "7.9"]
[White "Arkell, Keith C"]
[Black "Ehlvest, Jaan"]
[Result "0-1"]
[WhiteTitle "GM"]
[BlackTitle "GM"]
[WhiteElo "2447"]
[BlackElo "2532"]
[WhiteFideId "400270"]
[BlackFideId "4500016"]
[EventDate "2016.12.17"]

1. d4 Nf6 2. Nf3 e6 3. c4 Bb4+ 4. Bd2 Qe7 5. g3 Bxd2+ 6. Qxd2 Nc6 7. Nc3 d5 8.
cxd5 exd5 9. Bg2 Bg4 10. O-O O-O-O 11. h3 Bxf3 12. Bxf3 Ne4 13. Qe3 f5 14. Bg2
Rhe8 15. Nxe4 dxe4 16. Rfd1 Kb8 17. Qc3 h5 18. Rac1 h4 19. gxh4 Rd6 20. d5 Ne5
21. Qg3 Rh8 22. Qg5 Qf7 23. Rc3 Rh5 24. Qe3 Rh8 25. Rdc1 Rc8 26. Ra3 a6 27. f3
exf3 28. Qxe5 Rxd5 29. Qf4 fxg2 30. Rac3 Qd7 31. Kxg2 Rd4 32. Qf3 Rxh4 33. Rb3
Re4 34. Rd3 Qe6 35. Rc2 g5 36. e3 Re8 37. Qg3 f4 38. Qxg5 fxe3 39. Re2 Re5 40.
Qf4 Rf5 41. Qh4 Rg8+ 0-1

[Event "London Classic Superrapid"]
[Site "London ENG"]
[Date "2016.12.18"]
[Round "7.10"]
[White "Moussard, Jules"]
[Black "Cox, John J"]
[Result "1-0"]
[WhiteTitle "GM"]
[BlackTitle "IM"]
[WhiteElo "2571"]
[BlackElo "2320"]
[WhiteFideId "642908"]
[BlackFideId "401064"]
[EventDate "2016.12.17"]

1. Nf3 d5 2. g3 c6 3. Bg2 Bg4 4. O-O Nd7 5. h3 Bh5 6. d3 e5 7. e4 dxe4 8. dxe4
Ngf6 9. Qe1 Be7 10. a4 a5 11. Nbd2 O-O 12. Nb3 Qc7 13. Bd2 b6 14. Nh4 Nc5 15.
Nxc5 Bxc5 16. Kh1 Nd7 17. f4 exf4 18. gxf4 f6 19. Qg3 Kh8 20. Rae1 g5 21. Nf5
Bg6 22. fxg5 Qxg3 23. Nxg3 fxg5 24. Nf5 Rae8 25. Bxg5 Bxf5 26. exf5 Rxe1 27.
Rxe1 Rxf5 28. Bd2 Rf2 29. Bc3+ Nf6 30. Bxc6 Bb4 31. Re3 Kg7 32. Bd4 Bc5 33. Rg3+
Kf7 34. Bxf2 1-0

[Event "London Classic Superrapid"]
[Site "London ENG"]
[Date "2016.12.18"]
[Round "7.11"]
[White "Speelman, Jon S"]
[Black "Strugnell, Carl"]
[Result "1-0"]
[WhiteTitle "GM"]
[BlackTitle "FM"]
[WhiteElo "2526"]
[BlackElo "2220"]
[WhiteFideId "400033"]
[BlackFideId "616753"]
[EventDate "2016.12.17"]

1. d4 Nf6 2. Nf3 d5 3. c4 e6 4. g3 dxc4 5. Bg2 a6 6. O-O Nc6 7. Bg5 Be7 8. e3
O-O 9. Nbd2 h6 10. Bxf6 Bxf6 11. Nxc4 Qe7 12. Rc1 e5 13. d5 Na7 14. d6 cxd6 15.
Qxd6 Qxd6 16. Nxd6 Nb5 17. Nxc8 Raxc8 18. Nd2 Nd6 19. Ne4 Nxe4 20. Bxe4 b6 21.
Bb7 Rxc1 22. Rxc1 a5 23. Rc7 Bd8 24. Rd7 f5 25. Bd5+ Kh7 26. h4 f4 27. Be4+ Kh8
28. Kg2 fxe3 29. fxe3 Bf6 30. Rb7 Bd8 31. a4 Re8 32. Rb8 g5 33. h5 Rf8 34. Kh3
Kg7 35. Kg4 Bc7 36. Rb7 Rf7 37. Bd5 Rd7 38. Kf5 Kf8 39. e4 Ke7 40. Be6 1-0

[Event "London Classic Superrapid"]
[Site "London ENG"]
[Date "2016.12.18"]
[Round "7.12"]
[White "Karthikeyan, Murali"]
[Black "Turner, Matthew J"]
[Result "0-1"]
[WhiteTitle "GM"]
[BlackTitle "GM"]
[WhiteElo "2530"]
[BlackElo "2523"]
[WhiteFideId "5074452"]
[BlackFideId "402893"]
[EventDate "2016.12.17"]

1. e4 e5 2. Nf3 Nc6 3. Bb5 a6 4. Ba4 Nf6 5. O-O b5 6. Bb3 Bc5 7. c3 d6 8. d4 Bb6
9. a4 Rb8 10. a5 Ba7 11. Be3 exd4 12. cxd4 O-O 13. Re1 Bg4 14. Nc3 Kh8 15. h3
Bxf3 16. gxf3 Nh5 17. f4 g6 18. d5 Bxe3 19. fxe3 Ne7 20. Qd4+ Kg8 21. Bd1 c5 22.
Qd2 Nf6 23. Bf3 Nd7 24. b4 cxb4 25. Ne2 Nc5 26. Reb1 f5 27. e5 Ne4 28. Qxb4 dxe5
29. Rd1 exf4 30. Nxf4 Qd6 31. Qxd6 Nxd6 32. Nd3 b4 33. Nc5 Rfc8 34. Nxa6 Rb7 35.
Rac1 Rxc1 36. Rxc1 b3 37. Nc5 Rb5 38. Nd3 Rxa5 39. Rb1 Rb5 40. Bd1 Nxd5 41. Rxb3
Nxe3 42. Rxb5 Nxb5 43. Bb3+ Kg7 44. Kf2 Nd4 45. Ba2 Nd1+ 46. Kg3 Nc3 47. Bc4 g5
48. Ba6 Kf6 49. Kg2 h5 50. h4 g4 51. Nf4 Ke5 52. Nxh5 f4 53. Bc8 Nf5 54. Nxf4
Kxf4 55. h5 Ne4 56. h6 Ne3+ 57. Kg1 g3 58. Bb7 Nf6 59. Bc6 Ne4 60. Kh1 Ng5 61.
Kg1 0-1

[Event "London Classic Superrapid"]
[Site "London ENG"]
[Date "2016.12.18"]
[Round "7.13"]
[White "Zinchenko, Yaroslav"]
[Black "Batchelor, Peter J"]
[Result "1/2-1/2"]
[WhiteTitle "GM"]
[BlackTitle "FM"]
[WhiteElo "2547"]
[BlackElo "2365"]
[WhiteFideId "14110547"]
[BlackFideId "424854"]
[EventDate "2016.12.17"]

1. e4 c6 2. d4 d5 3. exd5 cxd5 4. Bd3 Nc6 5. c3 Qc7 6. Na3 a6 7. Nc2 Nf6 8. Ne2
Bg4 9. f3 Bd7 10. Bf4 e5 11. dxe5 Nxe5 12. O-O Bd6 13. Kh1 O-O 14. Ne3 Rfe8 15.
Nd4 Nc6 16. Bxd6 Qxd6 17. Ndc2 Qc5 18. Qd2 Re7 19. Bf5 Rae8 20. Bxd7 Rxd7 21.
Nf5 Ne7 22. Ncd4 h6 23. Rfe1 Nxf5 24. Nxf5 Re6 25. Nd4 Rxe1+ 26. Rxe1 Re7 27. g3
Rxe1+ 28. Qxe1 Qc4 29. a3 Qd3 30. Kg2 h5 31. Qe2 Qxe2+ 32. Nxe2 Kf8 33. Kf2 Ke7
34. Ke3 Kd6 35. Kd4 g6 36. h4 Ne8 37. Nf4 Nc7 38. g4 Ne6+ 39. Ke3 Ng7 40. b4 b6
41. a4 a5 42. Ne2 f5 43. gxh5 Nxh5 44. Kd4 f4 45. bxa5 bxa5 46. c4 Ng3 47. Nxf4
Nf5+ 48. Kc3 d4+ 49. Kd3 Nxh4 50. Kxd4 Nxf3+ 51. Ke4 Kc5 52. Kxf3 Kxc4 53. Nxg6
Kb4 54. Ke4 1/2-1/2

[Event "London Classic Superrapid"]
[Site "London ENG"]
[Date "2016.12.18"]
[Round "7.14"]
[White "Graham, David B"]
[Black "Hector, Jonny"]
[Result "1-0"]
[BlackTitle "GM"]
[WhiteElo "2177"]
[BlackElo "2488"]
[WhiteFideId "408131"]
[BlackFideId "1700090"]
[EventDate "2016.12.17"]

1. e4 e5 2. Nf3 Nc6 3. Bc4 Nf6 4. d4 exd4 5. O-O Nxe4 6. Re1 d5 7. Bxd5 Qxd5 8.
Nc3 Qh5 9. Nxe4 Be6 10. Bg5 Bd6 11. Nxd6+ cxd6 12. Bf4 Qd5 13. c3 Kd7 14. Nxd4
Nxd4 15. Qxd4 Qxd4 16. cxd4 Bd5 17. a3 Rac8 18. Rac1 Rc6 19. Rxc6 bxc6 20. Bd2
Rb8 21. Bc3 h5 22. h4 g6 23. f3 a5 24. Kf2 a4 25. g4 Rh8 26. Kg3 f6 27. Re2 Rh7
28. Bd2 Bc4 29. Re1 Be6 30. Bc3 Bd5 31. Re2 Rh8 32. Bd2 Rb8 33. Bc3 Rb5 34. Re1
Be6 35. Rd1 Bc4 36. Re1 Rb8 37. Re3 Rh8 38. Re1 Rh7 39. Bd2 Be6 40. Re2 f5 41.
g5 Rh8 42. Bc3 Re8 43. Bb4 Rb8 44. Bc3 Bd5 45. Re1 Rb5 46. Kf4 c5 47. Rd1 Kc6
48. Re1 Rb7 49. Re8 Rd7 50. dxc5 Kxc5 51. Rc8+ Kb6 52. Rb8+ Kc7 53. Re8 Bb3 54.
Ke3 Kc6 55. Kd4 Rb7 56. Bb4 Rb5 57. Rf8 Rd5+ 58. Ke3 Re5+ 59. Kf2 Re6 60. Rf6
Kd5 61. Rxe6 Kxe6 62. Ke3 Kd5 63. f4 Ba2 1-0

[Event "London Classic Superrapid"]
[Site "London ENG"]
[Date "2016.12.18"]
[Round "7.15"]
[White "McShane, Luke J"]
[Black "Pigott, John C"]
[Result "1-0"]
[WhiteTitle "GM"]
[BlackTitle "FM"]
[WhiteElo "2652"]
[BlackElo "2384"]
[WhiteFideId "404853"]
[BlackFideId "400459"]
[EventDate "2016.12.17"]

1. d4 Nf6 2. Bg5 Ne4 3. Bf4 c5 4. f3 Qa5+ 5. c3 Nf6 6. Nd2 cxd4 7. Nb3 Qd8 8.
cxd4 g6 9. e4 Bg7 10. Bd3 O-O 11. Ne2 d6 12. Qd2 Nc6 13. Be3 a5 14. O-O a4 15.
Nbc1 Qa5 16. Rd1 Nd7 17. Qxa5 Rxa5 18. b4 Nxb4 19. Bd2 Nxd3 20. Bxa5 Nb2 21. Re1
Nc4 22. Bc3 b5 23. Nd3 Ndb6 24. d5 Bd7 25. Bxg7 Kxg7 26. Nd4 Na3 27. Rac1 Nbc4
28. f4 Rb8 29. Nb4 Rb7 30. Rc3 e5 31. dxe6 fxe6 32. e5 dxe5 33. fxe5 Rb8 34. Rf1
Rf8 35. Rxf8 Kxf8 36. Rd3 Ke8 37. Na6 Ke7 38. Nc5 Be8 39. Ndxe6 Nc2 40. Nc7 Nb4
41. Rh3 h5 42. a3 Nc6 43. Nd5+ Kd8 44. e6 N4e5 45. Nb7+ Kc8 46. Nd6+ Kd8 47.
Nxb5 g5 48. Nd6 Bg6 49. Rc3 h4 1-0

[Event "London Classic Superrapid"]
[Site "London ENG"]
[Date "2016.12.18"]
[Round "7.16"]
[White "Gomes, Mary Ann"]
[Black "Lenderman, Aleksandr"]
[Result "0-1"]
[WhiteTitle "WGM"]
[BlackTitle "GM"]
[WhiteElo "2302"]
[BlackElo "2581"]
[WhiteFideId "5013623"]
[BlackFideId "2021285"]
[EventDate "2016.12.17"]

1. Nf3 c5 2. c4 Nc6 3. Nc3 g6 4. g3 Bg7 5. Bg2 d6 6. O-O Nf6 7. d4 cxd4 8. Nxd4
Bd7 9. Nc2 h5 10. h4 Ng4 11. Nd5 Na5 12. Nde3 Rc8 13. Bd5 Nf6 14. Rb1 Nxd5 15.
cxd5 Nc4 16. Nxc4 Rxc4 17. Qd3 Qc7 18. Na3 Rb4 19. Be3 Bf5 20. Qd2 Qa5 21. Rbc1
Bxb2 22. Nc4 Bxc1 23. Qc3 Qxd5 24. Qxh8+ Kd7 25. Nb6+ axb6 26. Rxc1 Rc4 27. Rxc4
Qxc4 28. Bxb6 Qxe2 29. Qd8+ Kc6 30. Qc7+ Kb5 31. Be3 Qd1+ 32. Kh2 Be4 33. a4+
Kb4 34. Qb6+ Kxa4 35. Qa7+ Kb5 36. Qb6+ Kc4 37. Qc7+ Bc6 0-1

[Event "London Classic Superrapid"]
[Site "London ENG"]
[Date "2016.12.18"]
[Round "7.17"]
[White "Wall, Gavin"]
[Black "Hawkins, Jonathan"]
[Result "0-1"]
[WhiteTitle "IM"]
[BlackTitle "GM"]
[WhiteElo "2348"]
[BlackElo "2590"]
[WhiteFideId "2501244"]
[BlackFideId "412686"]
[EventDate "2016.12.17"]

1. e4 c6 2. d4 d5 3. e5 c5 4. dxc5 Nc6 5. a3 Nxe5 6. b4 g6 7. f4 Nc6 8. Bb2 Nf6
9. c4 Bg4 10. Be2 Bxe2 11. Nxe2 dxc4 12. Qxd8+ Rxd8 13. Nd2 Bg7 14. Nxc4 O-O 15.
b5 Nb8 16. Rc1 Rd5 17. Na5 b6 18. Nb7 bxc5 19. Nc3 Rf5 20. Rf1 Ng4 21. Ke2 Nxh2
22. Rh1 Ng4 23. Kf3 h5 24. Na4 Bxb2 25. Nxb2 Nd7 26. Nd3 c4 27. Nb2 Rxb5 0-1

[Event "London Classic Superrapid"]
[Site "London ENG"]
[Date "2016.12.18"]
[Round "7.18"]
[White "Aravindh, Chithambaram VR."]
[Black "Nunn, John D M"]
[Result "0-1"]
[WhiteTitle "GM"]
[BlackTitle "GM"]
[WhiteElo "2566"]
[BlackElo "2600"]
[WhiteFideId "5072786"]
[BlackFideId "400017"]
[EventDate "2016.12.17"]

1. e4 c5 2. Be2 Nc6 3. f4 g6 4. Nf3 Bg7 5. c3 d5 6. e5 d4 7. d3 f6 8. Qa4 Be6 9.
b4 cxb4 10. Nxd4 Bd5 11. c4 Qd7 12. Nb5 Bxg2 13. Rg1 Bh3 14. Rg3 fxe5 15. Bb2
Nh6 16. Rxh3 Qxh3 17. Nc7+ Kf7 18. Nxa8 Rxa8 19. Nd2 exf4 20. Nf3 Qf5 21. d4 Ng4
22. O-O-O Ne3 23. Rd2 Rd8 24. Qb3 e6 25. a3 a5 26. Bd3 Qg4 27. Be4 Kg8 28. axb4
Nxb4 29. Bc3 Rc8 30. c5 Ned5 31. Bxb4 Nxb4 32. Qc4 Rd8 33. h3 Qxh3 34. Rh2 Qg4
35. Rh4 Rxd4 36. Qb3 Nd3+ 37. Qxd3 Qxh4 38. Nxd4 Qe1+ 39. Kc2 Qf2+ 40. Kc3 a4
41. Kc4 Qa2+ 42. Kb4 Qb2+ 43. Kc4 Bxd4 44. Bxg6 hxg6 45. Qxg6+ Kf8 46. Qh5 Qc3+
47. Kb5 Qxc5+ 48. Kxa4 Qxh5 0-1

[Event "London Classic Superrapid"]
[Site "London ENG"]
[Date "2016.12.18"]
[Round "7.19"]
[White "Powierski, Emil"]
[Black "Hovhannisyan, Robert"]
[Result "0-1"]
[BlackTitle "GM"]
[WhiteElo "2317"]
[BlackElo "2630"]
[WhiteFideId "4656199"]
[BlackFideId "13302507"]
[EventDate "2016.12.17"]

1. e4 c6 2. Nc3 d5 3. Nf3 Bg4 4. h3 Bxf3 5. Qxf3 e6 6. d4 Nf6 7. Bd3 Be7 8. e5
Nfd7 9. Qg3 g6 10. h4 c5 11. h5 g5 12. f4 cxd4 13. Nb5 Nc6 14. O-O Qb6 15. fxg5
Ndxe5 16. Bf4 Nxd3 17. Nc7+ Kd7 18. Nxa8 Rxa8 19. cxd3 Rg8 20. Rf2 Qd8 21. Raf1
f5 22. gxf6 Rxg3 23. fxe7 Qg8 24. Bxg3 Qxg3 25. Rf7 Qe3+ 26. R1f2 Ne5 27. Rxh7
Nxd3 28. Kh2 Nxf2 0-1

[Event "London Classic Superrapid"]
[Site "London ENG"]
[Date "2016.12.18"]
[Round "7.20"]
[White "Svane, Rasmus"]
[Black "Cooper, Lawrence H"]
[Result "1-0"]
[WhiteTitle "GM"]
[BlackTitle "IM"]
[WhiteElo "2555"]
[BlackElo "2348"]
[WhiteFideId "4657101"]
[BlackFideId "401536"]
[EventDate "2016.12.17"]

1. Nf3 Nf6 2. c4 e6 3. Nc3 Bb4 4. Qc2 O-O 5. a3 Bxc3 6. Qxc3 b6 7. b4 d6 8. Bb2
Bb7 9. e3 e5 10. d3 Nbd7 11. Be2 Re8 12. O-O c5 13. Rfe1 Rc8 14. Qb3 d5 15. Qa4
Rc7 16. Rac1 Qe7 17. Nd2 Rec8 18. cxd5 Bxd5 19. b5 Nf8 20. Qc2 Ng6 21. Bc3 Rd8
22. Qb2 Rcd7 23. e4 Ba8 24. Nc4 Re8 25. a4 Rb7 26. Qa1 Nd7 27. Rb1 Nf4 28. Bf1
f6 29. a5 Rd8 30. Rb3 Nf8 31. axb6 axb6 32. Ra3 Rbb8 33. Rd1 Qe8 34. Ra7 Nd7 35.
Rd2 Qe6 36. Qa2 Bb7 37. g3 Ng6 38. Bh3 Qf7 39. Nd6 Qxa2 40. Rdxa2 1-0

[Event "London Classic Superrapid"]
[Site "London ENG"]
[Date "2016.12.18"]
[Round "7.21"]
[White "Williams, Simon K"]
[Black "Haria, Ravi"]
[Result "1/2-1/2"]
[WhiteTitle "GM"]
[BlackTitle "FM"]
[WhiteElo "2443"]
[BlackElo "2382"]
[WhiteFideId "404454"]
[BlackFideId "415820"]
[EventDate "2016.12.17"]

1. d4 e6 2. Nf3 Nf6 3. Bf4 c5 4. e3 b6 5. Nbd2 Bb7 6. Nc4 cxd4 7. exd4 d6 8. Bd3
Be7 9. O-O O-O 10. Re1 Qc7 11. a4 Nbd7 12. h3 Rfe8 13. Bh2 Rad8 14. Ncd2 a6 15.
c4 Qc8 16. a5 Bf8 17. b4 e5 18. Bf5 g6 19. Bxd7 Nxd7 20. d5 b5 21. cxb5 axb5 22.
Ne4 Qc4 23. a6 Ba8 24. Ra3 Be7 25. Nc3 Nf6 26. Nd2 Qxb4 27. Qa1 Nxd5 28. Rb1 Qd4
29. Nf3 Qc4 30. Nxb5 Bf6 31. Nd2 Qc6 32. Ne4 Bg7 33. f3 f5 34. Qa2 Kh8 35. Ng5
Rd7 36. h4 e4 37. fxe4 fxe4 38. Nxd6 Bd4+ 39. Kh1 Rf8 40. Ngxe4 Nb4 41. Qd2 Bg7
42. Qxb4 Qd5 43. Qb3 Qd4 44. Rd1 Qa7 45. Qe6 Re7 46. Qc4 Qb6 47. Rf3 Rxf3 48.
gxf3 h6 49. Nc8 Qe3 50. Qd3 Rxe4 51. Qxe3 Rxe3 52. Rd8+ Kh7 53. Nb6 Bxf3+ 54.
Kg1 Ra3 55. Rd7 Bc6 56. Rd6 Rxa6 57. Rxc6 Rxb6 58. Rxb6 Bd4+ 59. Kg2 Bxb6 60. h5
gxh5 1/2-1/2

[Event "London Classic Superrapid"]
[Site "London ENG"]
[Date "2016.12.18"]
[Round "7.23"]
[White "Fodor, Tamas Jr."]
[Black "Duncan, Chris R"]
[Result "1-0"]
[WhiteTitle "GM"]
[BlackTitle "FM"]
[WhiteElo "2494"]
[BlackElo "2245"]
[WhiteFideId "723762"]
[BlackFideId "403091"]
[EventDate "2016.12.17"]

1. d4 d5 2. c4 c6 3. Nc3 Nf6 4. cxd5 cxd5 5. Bf4 Nc6 6. e3 Bf5 7. Qb3 Na5 8.
Qa4+ Bd7 9. Qc2 e6 10. Bd3 Be7 11. Nf3 Rc8 12. O-O O-O 13. Ne5 h6 14. Qe2 a6 15.
Rac1 Qb6 16. Kh1 Bc6 17. a3 Nb3 18. Rb1 Rfd8 19. h3 Nd7 20. Bc2 Nxe5 21. Bxe5
Na5 22. Bd3 Nc4 23. Bxc4 dxc4 24. f3 Qa5 25. Rbc1 b5 26. Qf2 Bf8 27. Rfd1 Qb6
28. Qg3 a5 29. Ne2 Be8 30. Nf4 Kh8 31. d5 exd5 32. Nxd5 Qg6 33. Qxg6 fxg6 34. e4
Kh7 35. Bc3 a4 36. Rd2 Bf7 37. Rcd1 Re8 38. Nb6 Rc6 39. Nd7 Rc7 40. Ne5 Be6 41.
Rd8 Rc8 42. Rxc8 Rxc8 43. f4 Be7 44. Nf3 Rc7 45. Kh2 Kg8 46. g4 Rd7 47. Re1 Rd3
48. Kg2 Bf6 49. Rc1 Kf7 50. Kf2 Bd7 51. e5 Be7 52. e6+ 1-0

[Event "London Classic Superrapid"]
[Site "London ENG"]
[Date "2016.12.18"]
[Round "7.24"]
[White "Deepan, Chakkravarthy J."]
[Black "Therrien, Alex L"]
[Result "1-0"]
[WhiteTitle "GM"]
[BlackTitle "FM"]
[WhiteElo "2471"]
[BlackElo "2229"]
[WhiteFideId "5011132"]
[BlackFideId "412856"]
[EventDate "2016.12.17"]

1. e4 c6 2. d4 d5 3. e5 c5 4. dxc5 e6 5. Bd3 Bxc5 6. Qg4 g6 7. h4 Nc6 8. Nf3 Qc7
9. Bf4 h5 10. Qg3 Nh6 11. a3 Ng4 12. O-O O-O 13. Nbd2 Nd4 14. Nh2 Nxh2 15. Kxh2
Re8 16. b4 Bf8 17. Bxg6 Ne2 18. Bh7+ Kxh7 19. Qd3+ Kg8 20. Qxe2 Qxc2 21. Qxh5
Bd7 22. Rfc1 Qg6 23. Qxg6+ fxg6 24. Nb3 Rec8 25. Kg3 b6 26. Rxc8 Rxc8 27. Rc1
Rc4 28. Rxc4 dxc4 29. Nd4 c3 30. Bc1 Kf7 31. Kf3 a5 32. bxa5 bxa5 33. Ke3 Bc5
34. Kd3 Bxd4 35. Kxd4 Bc6 36. g3 c2 37. Kd3 Ba4 38. Kc3 Ke7 39. Kb2 Kd7 40. g4
Ke7 41. Bd2 Bc6 42. h5 gxh5 43. gxh5 a4 44. Kxc2 Kf7 45. Kc3 Be4 46. Kb4 Bc2 47.
Bg5 Bd1 48. h6 Kg6 49. f4 Bc2 50. Kc5 Kh7 51. Kd6 Bf5 52. Ke7 Bg4 53. Kd7 Bf5
54. Kc6 Be4+ 55. Kb5 Bc2 56. f5 exf5 57. e6 Bb3 58. e7 Bf7 59. Kc6 Kg6 60. Kd7 1-0

[Event "London Classic Superrapid"]
[Site "London ENG"]
[Date "2016.12.18"]
[Round "8.1"]
[White "Gunina, Valentina"]
[Black "Bacrot, Etienne"]
[Result "1/2-1/2"]
[WhiteTitle "GM"]
[BlackTitle "GM"]
[WhiteElo "2525"]
[BlackElo "2689"]
[WhiteFideId "4167570"]
[BlackFideId "605506"]
[EventDate "2016.12.17"]

1. d4 Nf6 2. c4 e6 3. Nf3 b6 4. g3 Ba6 5. Qc2 Be7 6. e4 d5 7. cxd5 Bxf1 8. Kxf1
exd5 9. e5 Ne4 10. Kg2 Qd7 11. Nc3 Nxc3 12. bxc3 Nc6 13. Bg5 f6 14. exf6 gxf6
15. Bf4 O-O-O 16. Rhe1 Rde8 17. Rab1 Na5 18. Re2 Bd8 19. Rbe1 Rxe2 20. Qxe2 Nc4
21. Nh4 Kb7 22. Qh5 Rg8 23. Nf5 Ka6 24. Nh6 Rf8 25. Qf5 Qxf5 26. Nxf5 c6 27. Kh3
b5 28. Re6 Kb7 29. Ne7 Ba5 30. Kg4 Bxc3 31. Rxc6 Bxd4 32. Rc7+ Ka6 33. Nxd5 h5+
34. Kxh5 Rh8+ 35. Kg6 Rxh2 36. a4 Ka5 37. axb5 Kxb5 38. f3 Rf2 39. Nxf6 Rxf3 40.
Ne4 Ra3 41. g4 a5 42. g5 Ra1 43. Rd7 Bb2 44. Rb7+ Kc6 45. Rc7+ Kb5 46. Kf5 a4
47. g6 a3 48. g7 Rg1 49. Bg5 Bxg7 50. Rxg7 Ne3+ 51. Kf4 Nd5+ 52. Ke5 Nb4 53.
Rb7+ Kc4 54. Rc7+ Kb5 55. Be3 Re1 56. Nc3+ Ka5 57. Ra7+ Na6 58. Kf4 Kb4 59. Bd2
Re6 60. Kf5 Rc6 61. Ke5 Kb3 62. Be1 1/2-1/2